Southville International School and Colleges
Your cart is empty.
  • Cart
  • Lists
    Public lists Eva Luna New books Lux_list list_1
    Your lists Log in to create your own lists
  • Log in to your account
  • Your cookies
  • Search history
Southville International School and Colleges
  • Advanced search
  • Recent comments
  • Most popular
  • Libraries

Log in to your account

Log in with GOOGLE


If you do not have an external account, but do have a local account, you can still log in:

  1. Home
  2. MARC view: Holding fast /
Normal view MARC view ISBD view

Holding fast / (Record no. 34179)

[ view plain ]
MARC details
000 -LEADER
fixed length control field 01704cam a22003853a 4500
001 - CONTROL NUMBER
control field 13682346
003 - CONTROL NUMBER IDENTIFIER
control field OSt
005 - DATE AND TIME OF LATEST TRANSACTION
control field 20140310184417.0
008 - FIXED-LENGTH DATA ELEMENTS--GENERAL INFORMATION
fixed length control field 040524s2004 nyu j 000 1 eng d
010 ## - LIBRARY OF CONGRESS CONTROL NUMBER
LC control number 2004596393
020 ## - INTERNATIONAL STANDARD BOOK NUMBER
International Standard Book Number 0439425115
035 ## - SYSTEM CONTROL NUMBER
System control number (OCoLC)ocm55473031
040 ## - CATALOGING SOURCE
Original cataloging agency WIR
Transcribing agency WIR
Modifying agency OCLCQ
-- DLC
042 ## - AUTHENTICATION CODE
Authentication code lccopycat
050 00 - LIBRARY OF CONGRESS CALL NUMBER
Classification number PZ 7
Item number .B872Hf 2004
100 1# - MAIN ENTRY--PERSONAL NAME
Personal name Brooke, Lauren.
9 (RLIN) 22844
245 10 - TITLE STATEMENT
Title Holding fast /
Statement of responsibility, etc by Lauren Brooke.
260 ## - PUBLICATION, DISTRIBUTION, ETC. (IMPRINT)
Place of publication, distribution, etc New York, NY :
Name of publisher, distributor, etc Scholastic,
Date of publication, distribution, etc c2004.
300 ## - PHYSICAL DESCRIPTION
Extent 170 p. ;
Dimensions 20 cm.
490 1# - SERIES STATEMENT
Series statement Heartland ;
Volume number/sequential designation 16
520 ## - SUMMARY, ETC.
Summary, etc Just when Amy feels that things are back to normal at Heartland, an injured police horse named Venture arrives. Venture's partner, Sergeant Garcia, is desperate to help the wounded gelding. Amy convinces the policeman to put his trust in Heartland's methods. But when Amy's tried-and-true remedies have no effect on Venture, she is the one who loses faith. Before she can reach a breakthrough, Amy must open herself up to new possibilities and learn to believe in the power of change.
521 1# - TARGET AUDIENCE NOTE
Target audience note
526 ## - STUDY PROGRAM INFORMATION NOTE
Reading level 750
562 ## - COPY AND VERSION IDENTIFICATION NOTE
Number of copies For Circulation. 1 Copy in the collection
650 #0 - SUBJECT ADDED ENTRY--TOPICAL TERM
Topical term or geographic name as entry element Horses
Form subdivision Juvenile fiction.
9 (RLIN) 26479
650 #0 - SUBJECT ADDED ENTRY--TOPICAL TERM
Topical term or geographic name as entry element Horses
Form subdivision Fiction.
9 (RLIN) 26480
655 #7 - INDEX TERM--GENRE/FORM
Genre/form data or focus term Children's stories.
Source of term lcsh
9 (RLIN) 3012
710 2# - ADDED ENTRY--CORPORATE NAME
Corporate name or jurisdiction name as entry element Copyright Paperback Collection (Library of Congress)
Institution to which field applies DLC
9 (RLIN) 705
800 1# - SERIES ADDED ENTRY--PERSONAL NAME
Personal name Brooke, Lauren.
Title of a work Heartland ;
Volume/sequential designation 16.
9 (RLIN) 26481
856 42 - ELECTRONIC LOCATION AND ACCESS
Materials specified Publisher description
Uniform Resource Identifier <a href="http://www.loc.gov/catdir/description/schol051/2004596393.html">http://www.loc.gov/catdir/description/schol051/2004596393.html</a>
906 ## - LOCAL DATA ELEMENT F, LDF (RLIN)
a 7
b cbc
c copycat
d 2
e ncip
f 20
g y-genrareb
942 ## - ADDED ENTRY ELEMENTS (KOHA)
Source of classification or shelving scheme Library of Congress Classification
Koha item type
Holdings
Withdrawn status Lost status Source of classification or shelving scheme Damaged status Home library Current library Shelving location Date acquired Total Checkouts Full call number Barcode Date last seen Copy number Price effective from Koha item type
    Library of Congress Classification   Luxembourg Library Luxembourg Library Scholastic Reading Center Section 10/08/2013   PZ 7 .B872Hf 2004 LEX1866 04/18/2017 1 10/08/2013 Books

Holding fast /

APA

Brooke L., Copyright Paperback Collection (Library of Congress), . (2004). Holding fast. New York, NY: Scholastic.

Chicago

Brooke Lauren, Copyright Paperback Collection (Library of Congress), . 2004. Holding fast. New York, NY: Scholastic.

Harvard

Brooke L., Copyright Paperback Collection (Library of Congress), . (2004). Holding fast. New York, NY: Scholastic.

MLA

Brooke Lauren, Copyright Paperback Collection (Library of Congress), . Holding fast. New York, NY: Scholastic. 2004.

  • Place hold
  • Print
  • Cite
  • Add to your cart (remove)
  • Save record
    BIBTEX Dublin Core MARCXML MARC (non-Unicode/MARC-8) MARC (Unicode/UTF-8) MARC (Unicode/UTF-8, Standard) MODS (XML) RIS
  • More searches
    Search for this title in:
    Other Libraries (WorldCat) Other Databases (Google Scholar) Online Stores (Bookfinder.com) Open Library (openlibrary.org)

Exporting to Dublin Core...

SOUTHVILLE LIBRARY

Southville International School and Colleges Library

1281 Tropical Ave. Cor. Luxembourg St., BF Homes International, Las Pinas City

Tel. No. 8256374 / 252358 Loc. 117/146

Powered by Koha